000 01848nam0a22003251 4500
001 rc\2933552
005 20260503061746.0
035 _a(NLR Aleph) 007082807
090 _a6494228
_c6494228
100 _a20110821d1933 |||y0rusy50 ca
101 1 _arus
_cara
102 _aRU
105 _aa z |||||
200 1 _aОжерелье голубки
_fИбн Хазм
_gПер. с араб. М.А. Салье
_gПод ред. И. Н. Крачковского
210 _aМосква
_aЛенинград
_cAcademia
_d1933
_eЛенинград
_gТип. "Печатный двор"
215 _aXLIV, 276, [2] с., с заставками и концовками, 1 вкл. л. крас. илл.
_cкрас. ил.
_d18х13 см
225 1 _aСокровища мировой литературы
300 _aСупер-обл., переплет, титула, заставки и концовки: Е.Я. Хигер
300 _aВступ. ст.: "Ожерелье голубки" и его автор. М. Салье
464 0 _12001#$a"Ожерелье голубки" и его автор
_1700#1$aСалье$bМ.А.$gМихаил Александрович$f1889-1961$4070
_t"Ожерелье голубки" и его автор
_aСалье, Михаил Александрович (1889-1961)
700 1 _aИбн Хазм
_bА. М. А.
_f994-1064
_gАбу Мухаммед Али
_9134450
_3RU\NLR\AUTH\770134484
702 1 _aСалье
_bМ.А.
_f1889-1961
_gМихаил Александрович
_4730
702 1 _aКрачковский
_bИ.Н.
_4340
702 1 _4570
_aХигер
_bЕ. Я.
_cхудожник-график
_f1899-1956
_gЕфим Яковлевич
_9129353
_3RU\NLR\AUTH\770129384
801 0 _aRU
_bNLR
_gpsbo
801 1 _aRU
_bELAR
_2rusmarc
852 _aNLR
_j33-2/354
942 _cBOOK
980 _aNB